000 00672nam a2200241 4500
001 28673
003 BD-RjUL
005 20211209051320.0
008 140331r19691922nyu 00100 eng d
035 _a(BD-RjUL)28755
040 _aDLC
_beng
_cDLC
_dBD-RjUL
041 _aeng
082 0 0 _a146
_bSEE 1969
100 1 0 _aSellars, Roy Wood,
_d1880--
_987748
245 1 _aEvolutionary naturalism /
_cRoy Wood Sellars.
260 0 _aNew York :
_bRussell & Russell,
_c1922 [reissued 1969].
300 _a357 p. ;
_c23 cm.
500 _aReprint of the 1922 ed.
504 _aIncludes index.
650 0 _aNaturalism.
_94253
942 _2ddc
_cBK
999 _c28673
_d28673